GeoGuessr - US telephone area codes - Level 15 - Statistics

General Stats
  • This quiz has been taken 13 times
  • The average score is 68 of 150
Answer Stats
Hint Answer % Correct
763 Minnesota
75%
304 West Virginia
75%
205 Alabama
50%
251 Alabama
50%
256 Alabama
50%
334 Alabama
50%
907 Alaska
50%
480 Arizona
50%
520 Arizona
50%
602 Arizona
50%
623 Arizona
50%
928 Arizona
50%
479 Arkansas
50%
501 Arkansas
50%
870 Arkansas
50%
303 Colorado
50%
719 Colorado
50%
720 Colorado
50%
970 Colorado
50%
203 Connecticut
50%
475 Connecticut
50%
860 Connecticut
50%
302 Delaware
50%
229 Georgia
50%
404 Georgia
50%
478 Georgia
50%
678 Georgia
50%
706 Georgia
50%
912 Georgia
50%
808 Hawaii
50%
986 Idaho
50%
219 Indiana
50%
260 Indiana
50%
317 Indiana
50%
765 Indiana
50%
812 Indiana
50%
319 Iowa
50%
515 Iowa
50%
563 Iowa
50%
641 Iowa
50%
712 Iowa
50%
316 Kansas
50%
620 Kansas
50%
785 Kansas
50%
270 Kentucky
50%
502 Kentucky
50%
606 Kentucky
50%
859 Kentucky
50%
225 Louisiana
50%
318 Louisiana
50%
337 Louisiana
50%
504 Louisiana
50%
985 Louisiana
50%
207 Maine
50%
227 Maryland
50%
240 Maryland
50%
301 Maryland
50%
410 Maryland
50%
443 Maryland
50%
667 Maryland
50%
218 Minnesota
50%
320 Minnesota
50%
507 Minnesota
50%
612 Minnesota
50%
651 Minnesota
50%
952 Minnesota
50%
228 Mississippi
50%
601 Mississippi
50%
662 Mississippi
50%
314 Missouri
50%
417 Missouri
50%
636 Missouri
50%
660 Missouri
50%
816 Missouri
50%
406 Montana
50%
402 Nebraska
50%
702 Nevada
50%
775 Nevada
50%
603 New Hampshire
50%
505 New Mexico
50%
575 New Mexico
50%
701 North Dakota
50%
405 Oklahoma
50%
918 Oklahoma
50%
458 Oregon
50%
503 Oregon
50%
541 Oregon
50%
971 Oregon
50%
401 Rhode Island
50%
803 South Carolina
50%
854 South Carolina
50%
864 South Carolina
50%
605 South Dakota
50%
423 Tennessee
50%
615 Tennessee
50%
731 Tennessee
50%
901 Tennessee
50%
931 Tennessee
50%
385 Utah
50%
435 Utah
50%
801 Utah
50%
802 Vermont
50%
276 Virginia
50%
434 Virginia
50%
540 Virginia
50%
703 Virginia
50%
804 Virginia
50%
206 Washington
50%
253 Washington
50%
360 Washington
50%
425 Washington
50%
509 Washington
50%
202 Washington, D.C.
50%
681 West Virginia
50%
262 Wisconsin
50%
414 Wisconsin
50%
608 Wisconsin
50%
715 Wisconsin
50%
920 Wisconsin
50%
307 Wyoming
50%
659 Alabama
25%
938 Alabama
25%
959 Connecticut
25%
470 Georgia
25%
762 Georgia
25%
770 Georgia
25%
208 Idaho
25%
463 Indiana
25%
930 Indiana
25%
913 Kansas
25%
364 Kentucky
25%
769 Mississippi
25%
557 Missouri
25%
573 Missouri
25%
975 Missouri
25%
308 Nebraska
25%
531 Nebraska
25%
725 Nevada
25%
580 Oklahoma
25%
843 South Carolina
25%
629 Tennessee
25%
865 Tennessee
25%
571 Virginia
25%
757 Virginia
25%
826 Virginia
25%
564 Washington
25%
771 Washington, D.C.
25%
274 Wisconsin
25%
534 Wisconsin
25%
574 Indiana
0%
No matching quizzes found
Score Distribution
Percent of People with Each Score
Percentile by Number Answered
Your Score History
You have not taken this quiz